Rozpoznaj ssaki na zdjęciach #2 - Statystyki

Ogólne statystyki
  • Ten quiz został rozwiązany 2 688 razy
    2 681 od ostatniego zresetowania
  • Średni wynik to 11 z 18
Statystyki odpowiedzi
Obrazkowy Odpowiedź % Poprawnych
Lew
100%
Hipopotam
95%
Osioł
93%
Jeż
92%
Nietoperz
92%
Żyrafa
92%
Kret
89%
Dziobak
87%
Lemur
83%
Szympans
80%
Jaguar
53%
Gnu
40%
Rosomak
27%
Koza górska
23%
Hiena cętkowana
21%
Piesek preriowy
16%
Mrównik afrykański
11%
Wyrak
7%
Nie znaleziono quizów pasujących do podanych kryteriów
Rozkład punktacji
Procent ludzi z każdym wynikiem
Percentyl według liczby udzielonych odpowiedzi
Twoja historia wyników
Nie rozwiązałeś tego quizu od ostatniego zresetowania